قاموس عاشق لمصر

محفوظ في:

المؤلف الرئيسي: Robert Solé.

مؤلفون آخرون: Adel Asaad Al-Miri.

التنسيق: كتاب

اللغة: Undetermined

منشور في: Al-Qāhirah : almarkaz alqawmiu liltarjamati,, 2011.

سلاسل: المشروع القومي للترجمة (المركز القومي للترجمة، القاهرة), 1800

الوسوم: إضافة وسم

لا توجد وسوم, كن أول من يضع وسما على هذه التسجيلة!

رقم الطلب: DT70 .S6512

LEADER 00537nam a2200157Ia 4500
008 240329s9999||||xx |||||||||||||| ||und||
020 |a 9789777044318 
050 4 |a DT70 .S6512 
100 1 |a Robert Solé. 
245 1 0 |a قاموس عاشق لمصر  |c Robert Solé 
264 1 |a Al-Qāhirah :  |b almarkaz alqawmiu liltarjamati,,  |c 2011. 
300 |a 495  |c 24 
490 0 |a  المشروع القومي للترجمة (المركز القومي للترجمة، القاهرة), 1800  
700 1 |a Adel Asaad Al-Miri. 
942 |2 lcc  |c BK 
999 |c 57850  |d 57850